Lira costarricense: colección de composiciones de poetas de Costa Rica

Gardado en:
Detalles Bibliográficos
Formato: Libro
Idioma:Undetermined
Publicado: San José, Costa Rica Universidad de Costa Rica 1990
Materias:
Etiquetas: Engadir etiqueta
Sen Etiquetas, Sexa o primeiro en etiquetar este rexistro!

MARC

LEADER 00000nam a2200000Ia 4500
008 170316s9999 xx 000 0 und d
040 |a cru BVZT 
090 |a A-868 L-1L v.1 
245 |a Lira costarricense: colección de composiciones de poetas de Costa Rica 
260 |a San José, Costa Rica 
260 |b Universidad de Costa Rica 
260 |c 1990 
300 |a 360 páginas 
650 |a LITERATURA COSTARRICENSE 
650 |a ANTOLOGÍA 
650 |a POESÍA 
999 |c 12604  |d 12604 
942 |c 15 D  |h A-868 L-1L v.1  |2 z